Portugal Map Quiz - Statistics

General Stats
  • This quiz has been taken 2,223 times
  • The average score is 12 of 20
Answers on the Map
Answers color-coded by a green-red scale on the quiz's map according to % correct below.
 
Answer Stats
Answer % Correct
Açores
88%
Madeira
87%
Lisboa
85%
Faro
81%
Porto
75%
Setubal
62%
Braga
59%
Beja
58%
Coimbra
58%
Leiria
58%
Évora
57%
Santarém
56%
Bragança
54%
Aveiro
53%
Viana do Castelo
53%
Guarda
51%
Portalegre
51%
Viseu
50%
Vila Real
49%
Castelo Branco
47%
No matching quizzes found
Score Distribution
Percent of People with Each Score
Percentile by Number Answered
Your Score History
You have not taken this quiz